College physics vol 2. / (Record no. 1652)
[ view plain ]
| 000 -LEADER | |
|---|---|
| fixed length control field | 00836nam a22001937a 4500 |
| 008 - FIXED-LENGTH DATA ELEMENTS--GENERAL INFORMATION | |
| fixed length control field | 120706t xxu||||| |||| 00| 0 eng d |
| 020 ## - INTERNATIONAL STANDARD BOOK NUMBER | |
| International Standard Book Number | 0072564369 |
| 050 ## - LIBRARY OF CONGRESS CALL NUMBER | |
| Classification number | QC21.3.G53 |
| 100 ## - MAIN ENTRY--PERSONAL NAME | |
| Personal name | Giambattista, Alan |
| 245 ## - TITLE STATEMENT | |
| Title | College physics vol 2. / |
| Statement of responsibility, etc. | Alan Giambattista |
| 260 ## - PUBLICATION, DISTRIBUTION, ETC. | |
| Place of publication, distribution, etc. | Boston: |
| Name of publisher, distributor, etc. | Higher education, |
| Date of publication, distribution, etc. | 2007. |
| 300 ## - PHYSICAL DESCRIPTION | |
| Extent | xxxii, 1104 p.: |
| Other physical details | ill.; |
| Dimensions | 24cm. |
| 500 ## - GENERAL NOTE | |
| General note | Includes index. |
| 505 ## - FORMATTED CONTENTS NOTE | |
| Formatted contents note | Contents: Electromagnetism: Electric forces and fields -- Electric potential -- Electric current and circuits -- Magnetic forces and fields -- Electromagnetic induction -- Alternating current -- Electromagnetic waves and optic : Electromagnetic waves -- Reflection and refraction of light -- Optical instrument. |
| 650 ## - SUBJECT ADDED ENTRY--TOPICAL TERM | |
| Topical term or geographic name entry element | Physics. |
| 700 ## - ADDED ENTRY--PERSONAL NAME | |
| Personal name | Richardson, Betty M. |
| 700 ## - ADDED ENTRY--PERSONAL NAME | |
| Personal name | Richardson, Robert M. |
| 942 ## - ADDED ENTRY ELEMENTS (KOHA) | |
| Source of classification or shelving scheme | Library of Congress Classification |
| Koha item type | Books |
| Withdrawn status | Lost status | Source of classification or shelving scheme | Damaged status | Not for loan | Home library | Current library | Shelving location | Date acquired | Total Checkouts | Full call number | Barcode | Date last seen | Copy number | Price effective from | Koha item type |
|---|---|---|---|---|---|---|---|---|---|---|---|---|---|---|---|
| Library of Congress Classification | WISCONSIN INTERNATIONAL UNIVERSITY COLLEGE, GHANA - MAIN LIBRARY | WISCONSIN INTERNATIONAL UNIVERSITY COLLEGE, GHANA - MAIN LIBRARY | General Stacks | 06/07/2012 | QC 21.3.G53 | 4751/12 | 06/07/2012 | 1 | 06/07/2012 | Books | |||||
| Library of Congress Classification | WISCONSIN INTERNATIONAL UNIVERSITY COLLEGE, GHANA - MAIN LIBRARY | WISCONSIN INTERNATIONAL UNIVERSITY COLLEGE, GHANA - MAIN LIBRARY | General Stacks | 06/07/2012 | QC 21.3.G531 | 4752/12 | 06/07/2012 | 2 | 06/07/2012 | Books |
